000
00269nam a2200109Ia 4500
008
190912s9999||||xx |||||||||||||| ||und||
100
_a
Manzoor Ahmed
245
0
_a
Hewani Kirdar :Animal Behavior
260
_a
Karachi
_b
Alhamad Book
_c
2016
300
_a
350
942
_c
BK
999
_c
7366
_d
7366